Statystyki dla Wszystkie stacje Kolei Dolnośląskich - D9

Kliknij tutaj aby rozwiązać quiz!

Ogólne statystyki

  • Ten quiz został rozwiązany 76 razy
  • Średni wynik to 16 z 28

Statystyki odpowiedzi

Lp.Stacja% Poprawnych
1Wrocław Główny
100%
(Czechy) 28Lichkov
80%
18Kłodzko Główne
78%
8Strzelin
78%
19Kłodzko Miasto
75%
27Międzylesie
75%
2Iwiny
70%
4Żórawina
70%
9Biały Kościół
68%
13Kamieniec Ząbkowicki
68%
3Smardzów Wrocławski
65%
5Węgry
65%
16Bardo Śląskie
63%
11Ziębice
63%
6Boreczek
60%
22Bystrzyca Kłodzka
60%
10Henryków
60%
15Bardo Przyłęk
50%
23Bystrzyca Kłodzka Przedmieście
45%
7Warkocz
43%
17Ławica
40%
14 (NŻ)Suszka
40%
24Długopole-Zdrój
38%
20Krosnowice Kłodzkie
30%
12Starczów
30%
21Gorzanów
25%
25Domaszków
18%
26Roztoki Bystrzyckie
18%

Rozkład punktacji

Percentyl według liczby udzielonych odpowiedzi

Procent ludzi z każdym wynikiem

Twoja historia wyników

Nie rozwiązałeś tego quizu